The Russian Empire, Slaving and Liberation, 1480-1725 : Trans-Cultural Worldviews in Eurasia.

Bibliographic Details
Main Author: Witzenrath, Christoph.
Format: eBook
Language:English
Published: Berlin/Boston : Walter de Gruyter GmbH, 2022.
Edition:1st ed.
Series:Dependency and Slavery Studies
Subjects:
Online Access:Click to View
LEADER 01580nam a22003733i 4500
001 EBC7172559
003 MiAaPQ
005 20231204023228.0
006 m o d |
007 cr cnu||||||||
008 231204s2022 xx o ||||0 eng d
020 |a 9783110696431  |q (electronic bk.) 
035 |a (MiAaPQ)EBC7172559 
035 |a (Au-PeEL)EBL7172559 
035 |a (OCoLC)1350538700 
040 |a MiAaPQ  |b eng  |e rda  |e pn  |c MiAaPQ  |d MiAaPQ 
082 0 |a 306.362095 
100 1 |a Witzenrath, Christoph. 
245 1 4 |a The Russian Empire, Slaving and Liberation, 1480-1725 :  |b Trans-Cultural Worldviews in Eurasia. 
250 |a 1st ed. 
264 1 |a Berlin/Boston :  |b Walter de Gruyter GmbH,  |c 2022. 
264 4 |c Ã2022. 
300 |a 1 online resource (316 pages) 
336 |a text  |b txt  |2 rdacontent 
337 |a computer  |b c  |2 rdamedia 
338 |a online resource  |b cr  |2 rdacarrier 
490 1 |a Dependency and Slavery Studies ;  |v v.4 
588 |a Description based on publisher supplied metadata and other sources. 
590 |a Electronic reproduction. Ann Arbor, Michigan : ProQuest Ebook Central, 2023. Available via World Wide Web. Access may be limited to ProQuest Ebook Central affiliated libraries.  
655 4 |a Electronic books. 
776 0 8 |i Print version:  |a Witzenrath, Christoph  |t The Russian Empire, Slaving and Liberation, 1480-1725  |d Berlin/Boston : Walter de Gruyter GmbH,c2022 
797 2 |a ProQuest (Firm) 
830 0 |a Dependency and Slavery Studies 
856 4 0 |u https://ebookcentral.proquest.com/lib/matrademy/detail.action?docID=7172559  |z Click to View